000 00688nam a2200289Ia 4500
005 20260324112840.0
008 008 260324s9999 xx 000 0 eng d
020 _a9781041055983
037 _aEBOOK
040 _aCRL
040 _beng
040 _cCRL
041 _2eng
041 _aeng
084 _qCRL
100 _aHarriet Harper; Andrew Armitage
_91144383
245 0 _aLearning and Teaching Practical Skills
245 0 _bAs seen on TV
260 _bTaylor and Francis
260 _c2024
365 _a
365 _b120
856 _uhttp://www.taylorfrancis.com/books/9781041055983
942 _cEBOOK
999 _c1733753
_d1733753